00981nam a2200229 a 450000100100000000500170001000800410002702000150006804000300008308200160011310000380012924500690016726000750023630000640031150400320037550400710040758600830047860000500056104900090061195201140062099900170073400001802320200929165324.0870722s1985 pr a b 001 mdspa d a0865813752 aDO-SdBNPcDLCdDLCdBNPHU annnnbA776s1 aArrillaga, María,d1940-91408414aLos silencios de María Bibiana Benítez /cMaría Arrillaga. aSan Juan de Puerto Rico :bInstituto de Cultura Puertorriquena,c1985. a70 p. :bil. ;c22 cm.e(Santo Domingo :fEditora Corripio) aBibliografía: p. [59]-60. aIncluye índice y notas bibliográficas al pie de las páginas. aPrimer premio 1983, Instituto Comercial de Puerto Rico, Recinto de Mayagüez.10aBenítez, María Bibiana,d1783-1873939073 aBNGR 001050718MOaGRbGRcCTd2010-04-09iLF1l0onnnn A776sp18023-10r2020-06-25w2020-06-25y1ZNo se presta c17545d17545